[Event "Khanty-Mansiysk Governor Cup Rapid 18th"]
[Site "Khanty-Mansiysk"]
[Date "2022.11.27"]
[Round "5"]
[White "Sosnin, Anatoliy"]
[Black "Pridorozhni, Aleksei"]
[Result "0-1"]
[WhiteElo "2152"]
[BlackElo "2529"]
[PlyCount "108"]
[EventDate "2022.11.26"]
[EventType "swiss (rapid)"]
[EventRounds "11"]
[EventCountry "RUS"]
[SourceTitle "CBM 211 Extra"]
[Source "ChessBase"]
[SourceDate "2023.01.31"]
[SourceVersion "1"]
[SourceVersionDate "2023.01.31"]
[SourceQuality "1"]

1. e4 d5 2. exd5 Qxd5 3. d4 Nf6 4. Nf3 Nc6 5. Be2 Bg4 6. 0-0 e6 7. c4 Qd7 8. Be3 Be7 9. Nc3 0-0 10. Ne5 Bxe2 11. Nxd7 Bxd1 12. Nxf6+ Bxf6 13. Rfxd1 Rfd8 14. Ne2 Rd7 15. Rd2 Rad8 16. Rad1 a6 17. b3 h5 18. Kf1 h4 19. h3 Ne7 20. Nf4 Nf5 21. d5 g5 22. Nd3 Nxe3+ 23. fxe3 exd5 24. Nc5 Re7 25. Nxb7 Rde8 26. cxd5 Rxe3 27. d6 cxd6 28. Nxd6 R8e6 29. Nc4 R3e4 30. Rd6 Be7 31. Rxe6 Rxe6 32. Re1 Rf6+ 33. Ke2 Bc5 34. Rf1 Re6+ 35. Kd3 f6 36. Nd2 Kg7 37. Ne4 Be7 38. Rc1 Kg6 39. a4 Bb4 40. Rc4 a5 41. Nf2 f5 42. Nd1 Be1 43. Ne3 Bf2 44. Nc2 Kh5 45. b4 axb4 46. Rxb4 g4 47. Rb5 Kg5 48. Rd5 Kf4 49. a5 Kg3 50. Rxf5 Kxg2 51. Nb4 gxh3 52. Rg5+ Bg3 53. Nd5 h2 54. Nf4+ Kf3 0-1

[Event "RUS-chT Seniors final"]
[Site "Sochi"]
[Date "2016.05.04"]
[Round "4.2"]
[White "Sosnin, Anatoliy"]
[Black "Iliushkin, Evgeny"]
[Result "0-1"]
[WhiteElo "2188"]
[BlackElo "2223"]
[PlyCount "120"]
[EventDate "2016.05.01"]
[EventType "team-tourn"]
[EventRounds "9"]
[EventCountry "RUS"]
[SourceTitle "EXT 2018"]
[Source "ChessBase"]
[SourceDate "2017.10.13"]
[SourceVersion "1"]
[SourceVersionDate "2017.10.13"]
[SourceQuality "1"]
[WhiteTeam "Khanty Mansiysk Yugra"]
[BlackTeam "Samara Zhiguli Seniors"]
[WhiteTeamCountry "RUS"]
[BlackTeamCountry "RUS"]

1. c4 e5 2. Nc3 Nc6 3. Nf3 d6 4. d4 Bg4 5. e3 Nf6 6. Be2 g6 7. 0-0 Bg7 8. b4 exd4 9. exd4 0-0 10. b5 Ne7 11. Bb2 d5 12. h3 Be6 13. c5 Ne4 14. Bd3 Nxc3 15. Bxc3 b6 16. Bb4 Re8 17. Ne5 Nf5 18. Be2 Bd7 19. c6 Bc8 20. Nf3 a6 21. Bc3 axb5 22. Bxb5 Ba6 23. a4 Bxb5 24. axb5 Rxa1 25. Qxa1 Nd6 26. Qb2 Nc4 27. Qa2 Qa8 28. Ra1 Qxa2 29. Rxa2 Nd6 30. Rb2 Ra8 31. Kf1 Ra3 32. Be1 Ra4 33. Bc3 Ra3 34. Be1 Ra4 35. Bc3 Rc4 36. Rb3 Nxb5 37. Rxb5 Rxc3 38. Rxd5 Rxc6 39. Rd8+ Bf8 40. Ke2 Rd6 41. Rc8 Rd7 42. Rb8 f6 43. Kd3 Kf7 44. Kc4 Bd6 45. Rh8 Kg7 46. Re8 c6 47. Rc8 b5+ 48. Kc3 Rc7 49. Rxc7+ Bxc7 50. Kb4 Bb6 51. d5 cxd5 52. Kxb5 Bxf2 53. Kc6 d4 54. Kd5 f5 55. Nxd4 Bxd4 56. Kxd4 Kf6 57. Kd5 Kg5 58. Ke5 h5 59. h4+ Kg4 60. Kf6 Kxh4 0-1

[Event "RUS-chT Seniors final"]
[Site "Sochi"]
[Date "2016.05.02"]
[Round "2.1"]
[White "Sosnin, Anatoliy"]
[Black "Kalegin, Evgenij"]
[Result "0-1"]
[WhiteElo "2188"]
[BlackElo "2431"]
[PlyCount "74"]
[EventDate "2016.05.01"]
[EventType "team-tourn"]
[EventRounds "9"]
[EventCountry "RUS"]
[SourceTitle "EXT 2018"]
[Source "ChessBase"]
[SourceDate "2017.10.13"]
[SourceVersion "1"]
[SourceVersionDate "2017.10.13"]
[SourceQuality "1"]
[WhiteTeam "Khanty Mansiysk Yugra"]
[BlackTeam "Belorechensk Univ"]
[WhiteTeamCountry "RUS"]
[BlackTeamCountry "RUS"]

1. c4 e5 2. Nc3 d6 3. Nf3 g6 4. d4 Nd7 5. dxe5 dxe5 6. g3 Bg7 7. Bg2 Ngf6 8. 0-0 0-0 9. Qc2 c6 10. b3 Re8 11. e4 Nc5 12. Rd1 Qc7 13. Bb2 Bg4 14. h3 Bxf3 15. Bxf3 a5 16. Ba3 Bf8 17. Bg2 Nfd7 18. h4 Ne6 19. Bxf8 Rxf8 20. Ne2 c5 21. Nc3 Nd4 22. Qd2 Nb6 23. h5 Qe7 24. Nd5 Nxd5 25. cxd5 a4 26. hxg6 hxg6 27. Qb2 b5 28. Rf1 Rfc8 29. f4 axb3 30. axb3 Rxa1 31. Rxa1 c4 32. bxc4 bxc4 33. Bh3 c3 34. Qf2 Rb8 35. fxe5 c2 36. Bf1 Qxe5 37. Ra7 Nf3+ 0-1

[Event "Khanty-Mansiysk Governor Cup 6th"]
[Site "Khanty-Mansiysk"]
[Date "2010.09.21"]
[Round "5"]
[White "Sosnin, Anatoliy"]
[Black "Pranizin, Gennady"]
[Result "0-1"]
[WhiteElo "2257"]
[BlackElo "2162"]
[PlyCount "64"]
[EventDate "2010.09.17"]
[EventType "swiss"]
[EventRounds "10"]
[EventCountry "RUS"]
[SourceTitle "CBM 138 Extra"]
[Source "ChessBase"]
[SourceDate "2010.10.29"]
[SourceVersion "1"]
[SourceVersionDate "2010.10.29"]
[SourceQuality "1"]

1. d4 d5 2. c4 e6 3. Nc3 Nf6 4. Nf3 Be7 5. Bg5 0-0 6. e3 h6 7. Bh4 b6 8. cxd5 Nxd5 9. Bxe7 Qxe7 10. Rc1 Bb7 11. Be2 Rd8 12. Qb3 Nd7 13. 0-0 c5 14. Nxd5 Bxd5 15. Qa3 e5 16. dxc5 Nxc5 17. Rfd1 Qe6 18. b3 a5 19. Qb2 f6 20. Ne1 Kh8 21. f3 e4 22. f4 a4 23. b4 Nd3 24. Nxd3 exd3 25. Rxd3 Bxa2 26. Rdc3 Bb3 27. Bf3 Rac8 28. Bc6 Rd6 29. b5 Rcd8 30. h3 Rd2 31. Qa3 Bd5 32. R1c2 Bxc6 0-1

[Event "Khanty-Mansiysk Governor Cup"]
[Site "Khanty-Mansiysk"]
[Date "2008.10.20"]
[Round "6"]
[White "Tolstikh, Nikolay"]
[Black "Sosnin, Anatoliy"]
[Result "1-0"]
[WhiteElo "2383"]
[BlackElo "2274"]
[PlyCount "53"]
[EventDate "2008.10.15"]
[EventType "swiss"]
[EventRounds "9"]
[EventCountry "RUS"]
[SourceTitle "EXT 2010"]
[Source "ChessBase"]
[SourceDate "2010.11.25"]
[SourceVersion "1"]
[SourceVersionDate "2010.11.25"]
[SourceQuality "1"]

1. e4 c6 2. d4 d5 3. Nc3 dxe4 4. Nxe4 Nd7 5. Bc4 Ngf6 6. Ng5 e6 7. Qe2 Nb6 8. Bd3 h6 9. N5f3 c5 10. Be3 Nbd5 11. Ne5 Nxe3 12. fxe3 a6 13. Ngf3 b5 14. dxc5 Bxc5 15. 0-0-0 Qb6 16. e4 Bb7 17. Kb1 Rf8 18. c4 0-0-0 19. cxb5 axb5 20. Bxb5 Rxd1+ 21. Rxd1 Bxe4+ 22. Ka1 Bd5 23. Bc4 Kd8 24. Bxd5 Nxd5 25. Nc4 Qa5 26. Qe4 f6 27. Rxd5+ 1-0

[Event "Khanty-Mansiysk Governor Cup"]
[Site "Khanty-Mansiysk"]
[Date "2008.10.19"]
[Round "5"]
[White "Sosnin, Anatoliy"]
[Black "Artamonov, Valery"]
[Result "1-0"]
[WhiteElo "2274"]
[BlackElo "2309"]
[PlyCount "105"]
[EventDate "2008.10.15"]
[EventType "swiss"]
[EventRounds "9"]
[EventCountry "RUS"]
[SourceTitle "EXT 2010"]
[Source "ChessBase"]
[SourceDate "2010.11.25"]
[SourceVersion "1"]
[SourceVersionDate "2010.11.25"]
[SourceQuality "1"]

1. d4 Nf6 2. c4 c5 3. d5 b5 4. cxb5 e6 5. Nc3 exd5 6. Nxd5 Bb7 7. Nxf6+ Qxf6 8. Nf3 d5 9. e3 Bd6 10. Be2 0-0 11. Qa4 d4 12. exd4 Re8 13. Be3 Re4 14. 0-0-0 Nd7 15. Rd2 Nb6 16. Qa5 Rc8 17. Kb1 Bd5 18. Rc1 c4 19. Rdc2 Qe7 20. a3 Rg4 21. Ne1 Rh4 22. Nf3 Rg4 23. Ne1 Rh4 24. h3 Be4 25. Bd3 Bd5 26. Nf3 Rh5 27. Nd2 g6 28. Be2 Rh4 29. Bf3 Be6 30. Ne4 Bf4 31. Ng3 Bxe3 32. fxe3 Qc7 33. Qe1 g5 34. e4 Re8 35. Qf2 Bd7 36. e5 Bxb5 37. Ne4 Rd8 38. Qg3 Rh6 39. Qxg5+ Rg6 40. Nf6+ Kg7 41. Qh4 h6 42. d5 Rb8 43. Qd4 Na4 44. Be4 Rg5 45. Ng4 Qc5 46. Qd2 c3 47. Qf4 Qb6 48. e6 Rb7 49. Qf6+ Kf8 50. Nxh6 Bc4 51. e7+ Ke8 52. Qxf7+ Kd7 53. e8Q+ 1-0

[Event "Khanty-Mansiysk Governor Cup"]
[Site "Khanty-Mansiysk"]
[Date "2008.10.18"]
[Round "4"]
[White "Iljiushenok, Ilia"]
[Black "Sosnin, Anatoliy"]
[Result "1-0"]
[WhiteElo "2314"]
[BlackElo "2274"]
[PlyCount "43"]
[EventDate "2008.10.15"]
[EventType "swiss"]
[EventRounds "9"]
[EventCountry "RUS"]
[SourceTitle "EXT 2010"]
[Source "ChessBase"]
[SourceDate "2010.11.25"]
[SourceVersion "1"]
[SourceVersionDate "2010.11.25"]
[SourceQuality "1"]

1. e4 g6 2. d4 Bg7 3. Nc3 d6 4. Be3 Nd7 5. Nf3 c6 6. Bc4 e6 7. Qd2 d5 8. Bd3 h6 9. 0-0 Ne7 10. Rfe1 b6 11. Bf4 Nf6 12. Be5 Kf8 13. exd5 exd5 14. h3 Kg8 15. Qf4 g5 16. Qh2 Be6 17. Ne2 Qd7 18. Ng3 Nf5 19. Bxf5 Bxf5 20. Bxf6 Bxf6 21. Nh5 Qd8 22. Re8+ 1-0

[Event "Khanty-Mansiysk Governor Cup"]
[Site "Khanty-Mansiysk"]
[Date "2007.11.29"]
[Round "9"]
[White "Sosnin, Anatoliy"]
[Black "Gajsin, Evgenij"]
[Result "0-1"]
[WhiteElo "2312"]
[BlackElo "2436"]
[PlyCount "160"]
[EventDate "2007.11.21"]
[EventType "swiss"]
[EventRounds "9"]
[EventCountry "RUS"]
[SourceTitle "CBM 121 Extra"]
[Source "ChessBase"]
[SourceDate "2008.01.10"]
[SourceVersion "1"]
[SourceVersionDate "2008.01.10"]
[SourceQuality "1"]

1. c4 e5 2. Nc3 Nf6 3. Nf3 d6 4. g3 c6 5. e4 Nbd7 6. Bg2 Be7 7. 0-0 0-0 8. d4 a6 9. a4 a5 10. b3 exd4 11. Nxd4 Nc5 12. h3 Qb6 13. Be3 Re8 14. Rb1 Bf8 15. Nde2 Bd7 16. Qc2 Rad8 17. Rfd1 Bc8 18. Nf4 g6 19. Nd3 Nfd7 20. Ne2 Qc7 21. Nxc5 Nxc5 22. Bxc5 dxc5 23. Rxd8 Rxd8 24. Rd1 Rxd1+ 25. Qxd1 b5 26. f4 bxa4 27. bxa4 Ba6 28. Qd3 Qb6 29. Nc3 Qb3 30. Bf1 f6 31. e5 fxe5 32. fxe5 Bc8 33. g4 Qb8 34. Qe4 Bd7 35. Nd5 cxd5 36. Qxd5+ Kh8 37. Qxd7 Qxe5 38. Qd5 Qe3+ 39. Kg2 Kg7 40. Qf3 Qe5 41. Qb7+ Kh6 42. Qd5 Qb2+ 43. Kg3 Be7 44. Kf3 Qb3+ 45. Qd3 Qxa4 46. Qe3+ Bg5 47. Qxc5 Qb3+ 48. Kg2 Qb2+ 49. Qf2 Qb7+ 50. Qf3 Qe7 51. Qd5 Be3 52. Kf3 Bc5 53. Qe4 Qd8 54. Qf4+ g5 55. Qe4 Qf6+ 56. Qf5 Qxf5+ 57. gxf5 a4 58. Bd3 a3 59. Bb1 Kg7 60. Ba2 h5 61. Bb1 Kf6 62. Ke4 g4 63. hxg4 hxg4 64. Kf4 g3 65. Kxg3 Ke5 66. f6 Kd4 67. Kf4 Kc3 68. Ke5 Kb2 69. Kd5 Kxb1 70. Kxc5 a2 71. Kd6 a1Q 72. Ke7 Qe5+ 73. Kf7 Kc2 74. Kg6 Qg3+ 75. Kh7 Qh4+ 76. Kg6 Qg4+ 77. Kh7 Qxc4 78. Kg7 Qg4+ 79. Kf8 Qb4+ 80. Ke8 Qb5+ 0-1

[Event "Khanty-Mansiysk Governor Cup"]
[Site "Khanty-Mansiysk"]
[Date "2007.11.28"]
[Round "7"]
[White "Sosnin, Anatoliy"]
[Black "Sedenko, Anatoly Ivanovich"]
[Result "1-0"]
[WhiteElo "2312"]
[BlackElo "2081"]
[PlyCount "78"]
[EventDate "2007.11.21"]
[EventType "swiss"]
[EventRounds "9"]
[EventCountry "RUS"]
[SourceTitle "CBM 121 Extra"]
[Source "ChessBase"]
[SourceDate "2008.01.10"]
[SourceVersion "1"]
[SourceVersionDate "2008.01.10"]
[SourceQuality "1"]

1. c4 Nf6 2. Nc3 d5 3. cxd5 Nxd5 4. Nf3 e6 5. d4 Bb4 6. Bd2 0-0 7. e4 Nf6 8. e5 Bxc3 9. bxc3 Ne4 10. Bd3 Nxd2 11. Nxd2 Nc6 12. Ne4 Qh4 13. 0-0 b6 14. Re1 h6 15. Re3 Rd8 16. Rh3 Qf4 17. g3 Qf5 18. Nf6+ gxf6 19. Bxf5 exf5 20. Qh5 Kf8 21. Qxh6+ Ke8 22. Qxf6 Be6 23. Rh8+ Kd7 24. Rxd8+ Rxd8 25. d5 Bxd5 26. Rd1 Kc8 27. Qxf5+ Be6 28. Rxd8+ Nxd8 29. Qe4 a5 30. h4 Nb7 31. h5 Nc5 32. Qc2 Nd7 33. f4 f5 34. exf6 Kd8 35. Qg6 Bxa2 36. h6 Nf8 37. Qg7 Ne6 38. Qe7+ Kc8 39. h7 Kb7 1-0

[Event "Khanty-Mansiysk Governor Cup"]
[Site "Khanty-Mansiysk"]
[Date "2007.11.25"]
[Round "5"]
[White "Sosnin, Anatoliy"]
[Black "Demianjuk, Alexander"]
[Result "1/2-1/2"]
[WhiteElo "2312"]
[BlackElo "2334"]
[PlyCount "119"]
[EventDate "2007.11.21"]
[EventType "swiss"]
[EventRounds "9"]
[EventCountry "RUS"]
[SourceTitle "CBM 121 Extra"]
[Source "ChessBase"]
[SourceDate "2008.01.10"]
[SourceVersion "1"]
[SourceVersionDate "2008.01.10"]
[SourceQuality "1"]

1. Nf3 Nf6 2. g3 g6 3. Bg2 d5 4. 0-0 Bg7 5. d3 0-0 6. Nbd2 Re8 7. e4 e5 8. Re1 Nc6 9. c3 h6 10. Qc2 a5 11. Nf1 a4 12. Be3 Be6 13. b4 axb3 14. axb3 Qe7 15. b4 d4 16. cxd4 exd4 17. Nxd4 Nxb4 18. Qd2 Rxa1 19. Rxa1 Ng4 20. Rb1 Nxe3 21. Nxe6 Nxf1 22. Kxf1 Qxe6 23. Qxb4 b6 24. d4 Qa2 25. Rc1 Qa6+ 26. Kg1 Qd3 27. e5 Bf8 28. Qc4 Qxc4 29. Rxc4 c5 30. Bc6 Rb8 31. Bb5 Rd8 32. dxc5 Bxc5 33. Kg2 Rd5 34. Rf4 Rxe5 35. Bc4 Re7 36. Kf3 Kg7 37. h3 Rc7 38. Re4 Ra7 39. Rf4 Rd7 40. g4 Bd4 41. Bb5 Rd6 42. Bc4 Bf6 43. h4 Rd7 44. h5 gxh5 45. gxh5 Rc7 46. Bd3 Rc5 47. Rf5 Be5 48. Ke4 Bd6 49. Rxc5 Bxc5 50. f3 Kf6 51. Bc4 Bf2 52. Kf4 Be1 53. Ke4 Bg3 54. Kd3 Bf4 55. Ke4 Bg5 56. Kd3 Ke7 57. Ke4 f6 58. Kd5 Kd7 59. Bb5+ Ke7 60. Bc4 1/2-1/2

[Event "Khanty-Mansiysk Governor Cup"]
[Site "Khanty-Mansiysk"]
[Date "2007.11.24"]
[Round "6"]
[White "Kotlyar, Kirill"]
[Black "Sosnin, Anatoliy"]
[Result "1-0"]
[WhiteElo "2039"]
[BlackElo "2312"]
[PlyCount "43"]
[EventDate "2007.11.21"]
[EventType "swiss"]
[EventRounds "9"]
[EventCountry "RUS"]
[SourceTitle "CBM 121 Extra"]
[Source "ChessBase"]
[SourceDate "2008.01.10"]
[SourceVersion "1"]
[SourceVersionDate "2008.01.10"]
[SourceQuality "1"]

1. e4 d5 2. exd5 Qxd5 3. Nc3 Qa5 4. g3 Nf6 5. Bg2 e5 6. Qe2 Bd6 7. Nf3 0-0 8. 0-0 Nc6 9. d3 Bg4 10. Be3 Rfe8 11. h3 Bh5 12. g4 Bg6 13. Nd2 Nd4 14. Qd1 Qa6 15. f4 Nxc2 16. Qxc2 Bxd3 17. Bxb7 Qxb7 18. Qxd3 exf4 19. Bxf4 Bc5+ 20. Kh2 Rad8 21. Qf5 Qxb2 22. Qxc5 1-0

[Event "Khanty-Mansiysk Governor Cup"]
[Site "Khanty-Mansiysk"]
[Date "2007.11.22"]
[Round "2"]
[White "Vokarev, Sergey"]
[Black "Sosnin, Anatoliy"]
[Result "1-0"]
[WhiteElo "2495"]
[BlackElo "2312"]
[PlyCount "67"]
[EventDate "2007.11.21"]
[EventType "swiss"]
[EventRounds "9"]
[EventCountry "RUS"]
[SourceTitle "CBM 121 Extra"]
[Source "ChessBase"]
[SourceDate "2008.01.10"]
[SourceVersion "1"]
[SourceVersionDate "2008.01.10"]
[SourceQuality "1"]

1. e4 d5 2. exd5 Qxd5 3. Nc3 Qa5 4. g3 Nf6 5. Bg2 c6 6. Nf3 Bg4 7. h3 Bh5 8. b4 Qb6 9. 0-0 e6 10. Rb1 Nbd7 11. b5 c5 12. d3 Be7 13. g4 Bg6 14. Nd2 Qc7 15. Qf3 Qe5 16. Ne2 h5 17. Nc4 Qc7 18. Qxb7 Qxb7 19. Bxb7 Rb8 20. Bc6 hxg4 21. hxg4 Nxg4 22. Bf4 Rd8 23. b6 axb6 24. Nxb6 e5 25. Nxd7 Rxd7 26. Bg3 Bd6 27. Rb7 Bf5 28. f4 exf4 29. Bxf4 Ke7 30. Ng3 Rxb7 31. Nxf5+ Ke6 32. Bxb7 Bxf4 33. Rxf4 g5 34. Ng7+ 1-0

[Event "Khanty-Mansiysk Governor Cup"]
[Site "Khanty-Mansiysk"]
[Date "2007.11.21"]
[Round "1"]
[White "Sosnin, Anatoliy"]
[Black "Korneev, Dm V"]
[Result "1-0"]
[WhiteElo "2312"]
[BlackElo "2210"]
[PlyCount "43"]
[EventDate "2007.11.21"]
[EventType "swiss"]
[EventRounds "9"]
[EventCountry "RUS"]
[SourceTitle "CBM 121 Extra"]
[Source "ChessBase"]
[SourceDate "2008.01.10"]
[SourceVersion "1"]
[SourceVersionDate "2008.01.10"]
[SourceQuality "1"]

1. Nf3 d6 2. d4 g6 3. e4 Bg7 4. c3 Nf6 5. Bd3 e5 6. dxe5 dxe5 7. 0-0 Nc6 8. Ng5 0-0 9. Na3 Qe7 10. Qe2 a6 11. Nc4 b5 12. Ne3 Qd6 13. Rd1 Qe7 14. Nd5 Qd8 15. Nxf6+ Bxf6 16. Bxb5 Qe7 17. Bxc6 Bxg5 18. Bxg5 Qxg5 19. Bxa8 Bg4 20. f3 Bxf3 21. Qxf3 Rxa8 22. Rd7 1-0